00417 a2200145 4500003000400000005001700004008004100021020001800062040000900080082001900089100002000108245007800128260005100206300001400257OSt20250704114250.0250704b |||||||| |||| 00| 0 eng d a9789390620951 coclc a660.286bMAL/N aMalhotra, Priti aNovel Inorganic Solids and Nanomaterials /cPriti Malhotra, Shikha Gulati aNew Delhi:bI K International Pvt Ltd,c2021 a420 pages